Programování počítačů pro ekonomické aplikace

Enregistré dans:
Détails bibliographiques
Auteur principal: Adamec, Stanislav
Format: Livre
Langue:tchèque
Publié: Praha Státní nakladatelství technické literatury 1988
Édition:2. vyd.
Tags: Ajouter un tag
Pas de tags, Soyez le premier à ajouter un tag!

MARC

LEADER 00000nam a2200000 4500
001 c031913
005 20250930080743.1
041 0 |a cze 
044 |a CZ 
245 1 0 |a Programování počítačů pro ekonomické aplikace  |c Stanislav Adamec a kol. 
250 |a 2. vyd. 
264 1 |a Praha  |b Státní nakladatelství technické literatury  |c 1988 
300 |a 418 s. 
100 1 |a Adamec, Stanislav